• 首页
  • 本馆介绍
  • 公告通知
  • 最新文献
  • 馆藏检索
  • 电子资源
  • 读者导购
  • 参考咨询
  • 我的图书馆
  • 登录
  • 详细信息显示
  • 放入我的书架
  • 预约/预借图书
  • 作者相关作品
  • 分类相关作品
  • 丛书相关作品
  • 出版社相关作品

书目信息

  • 表格格式
  • 工作单格式
  • 卡片格式
题名:
分析化学中的络合作用
    
 
作者: 林邦 著 ;武广贞 译
分册:  
出版信息: 长沙   中南工业大学出版社  1987
页数: 419页
开本: 20cm
丛书名:
单 册:
中图分类: O655.25
科图分类:
主题词: 络合滴定
电子资源:
ISBN: 7-81020-073-9
000 00819nam0 2200265 45
001 0188006073
005 20060801104911.68
010    @a7-81020-073-9@dCNY3.00
020    @aCN@b88006073
100    @a19910411d1987 ekmy0chiy0120 ea
101 1  @achi@ceng
102    @aCN@b430000
102    @aCN@b430000
102    @aCN@b430000
105    @ay z 001yy
200 10 @a分析化学中的络合作用@Afen xi hua xue zhong de luo he zuo yong@f(芬兰)A·林邦著@F(fen lan)A·lin bang zhu@g武广贞等译
210    @a长沙@c中南工业大学出版社@d1987
215    @a419页@d20cm
540 1  @a分析化学中的络合作用@Afen xi hua xue zhong de luo he zuo yong
606    @a络合滴定
690    @aO655.25@v1980
701  0 @a林邦@Alin bang@4著
702  0 @a武广贞@Awu guang zhen@4译
801  0 @aCN@bNLC@c20060801
905    @dO655.25@e25≈2
    
    分析化学中的络合作用/(芬兰)A·林邦著/武广贞等译.-长沙:中南工业大学出版社,1987
    419页;20cm
    
    
    ISBN 7-81020-073-9:CNY3.00
    
●
相关链接 在E读中查询图书 在五车中查询图书 在当当中查询图书 在豆瓣中查询图书


正题名:分析化学中的络合作用     索取号:O655.25/25≈2         预约/预借

序号 登录号 条形码 馆藏地/架位号 状态 备注
1 0432633   204326336   密集书库/ [索取号:O655.25/25≈2] 在馆    
2 0432634   204326345   密集书库/ [索取号:O655.25/25≈2] 在馆    
3 0432825   204328254   密集书库/ [索取号:O655.25/25≈2] 在馆    
4 0434385   204343852   密集书库/ [索取号:O655.25/25≈2] 在馆    
唐山师范学院图书馆 欢迎您!
大连网信软件有限公司© 版权所有